| 000 | 01152cai a22001935a 4500 | ||
|---|---|---|---|
| 001 | E145674 | ||
| 008 | 081030u xxk g s000 0 eng d | ||
| 035 | _a(Sirsi) u145674 | ||
| 041 | 0 | _aeng | |
| 110 | 2 |
_aScotland _bScottish Government _95344 |
|
| 245 | 0 | 0 |
_aScotland rural development programme 2007-2013 _h[electronic resource] |
| 520 | _aSection of the Scottish Government website devoted to the Scotland Rural Development Programme (SRDP) 2007-2013. The SRDP is a £1.6 billion programme of economic, environmental and social measures aimed at developing rural areas in Scotland over a six-year period. Funding can be sought by individuals and groups to help achieve the Government's strategic objectives in Scotland's rural areas. The website includes background information, information on Rural Priorities and an archive of SRDP news. | ||
| 590 | _aKA | ||
| 650 | 2 | 4 | _aSCOTLAND RURAL DEVELOPMENT PROGRAMME |
| 651 | 4 |
_aScotland _y1999- |
|
| 690 | _aENVIRONMENTAL AND LAND CONSULTANCY-AGRIBUSINESS-AGRICULTURE | ||
| 856 | 4 | 0 |
_uhttps://www.scotland.gov.uk/Topics/Rural/SRDP _zView the website free of charge at www.scotland.gov.uk... |
| 942 | _n0 | ||
| 999 |
_c120715 _d120715 |
||